| 000 | 00688nam a2200205Ii 4500 | ||
|---|---|---|---|
| 003 | JO-AjNU | ||
| 008 | 230605s9999||||xx |||||||||||||| ||und|| | ||
| 040 |
_aJO-AjNU _bara _erda _cJO-AjNU |
||
| 041 | _aara | ||
| 050 | 1 | 4 | _aPJ6161 1990 |
| 100 | 3 |
_aخفاجي، محمد عبدالمنعم, _eauthor _920374 |
|
| 245 | 0 | 0 | _aالبديع لأبي العباس عبد الله بن المعتز |
| 250 | _aط1 | ||
| 264 | 3 | 1 | _aبيروت: دار الجيل، 1990 |
| 300 | _a180ص | ||
| 336 |
_atext _btxt _2rdacontent |
||
| 337 |
_aunmediated _bn _2rdamedia |
||
| 338 |
_avolume _bnc _2rdacarrier |
||
| 650 | 4 |
_aالبديع لأبي العباس عبد الله بن المعتز _920375 |
|
| 999 |
_aA6895 _c10463 _d10463 |
||